Sobre la esencia del Cristianismo / (Record no. 139905)

MARC details
000 -LEADER
campo de control de longitud fija 00572nam a2200193 i 4500
001 - NÚMERO DE CONTROL
campo de control 139905
003 - IDENTIFICADOR DE NÚMERO DE CONTROL
campo de control ES-MaACL
005 - FECHA Y HORA DE LA ÚLTIMA TRANSACCIÓN
campo de control 20250801034202.0
007 - CAMPO FIJO DE DESCRIPCIÓN FÍSICA--INFORMACIÓN GENERAL
campo de control de longitud fija t|
008 - DATOS DE LONGITUD FIJA--INFORMACIÓN GENERAL
campo de control de longitud fija 070214s1952 sp |||| | spa d
100 1# - ENTRADA PRINCIPAL--NOMBRE DE PERSONA
Nombre de persona Schmaus, Michael.
9 (RLIN) 104445
245 10 - MENCIÓN DEL TÍTULO
Título Sobre la esencia del Cristianismo /
Mención de responsabilidad, etc. Michael Schmaus ; traducción de Luis Pelayo Arribas.
260 ## - PUBLICACIÓN, DISTRIBUCIÓN, ETC.
Lugar de publicación, distribución, etc. Madrid :
Nombre del editor, distribuidor, etc. Rialp,
Fecha de publicación, distribución, etc. 1952.
300 ## - DESCRIPCIÓN FÍSICA
Extensión 417 p. ;
Dimensiones 17 cm.
650 07 - PUNTO DE ACCESO ADICIONAL DE MATERIA--TÉRMINO DE MATERIA
Término de materia o nombre geográfico como elemento de entrada Cristianismo
Fuente del encabezamiento o término embne
9 (RLIN) 11425
700 1# - ENTRADA AGREGADA--NOMBRE PERSONAL
Nombre de persona Pelayo Arribas, Luis.
9 (RLIN) 90028
852 ## - LOCALIZACIÓN
Ubicación ES-MaACL
Número de control de estantería D-9198
Holdings
Estatus retirado Estado de pérdida Estado de daño No para préstamo Biblioteca de origen Biblioteca actual Ubicación en estantería Fecha de adquisición Fuente de adquisición Total de préstamos Signatura topográfica completa Código de barras Visto por última vez Precio de reemplazo Tipo de ítem Koha
        Biblioteca del Ateneo de Madrid Biblioteca del Ateneo de Madrid Sala Valle Inclán 17/01/2008     D-9198 901145589 23/02/2023 23/02/2023 Libro impreso